[Event "BCF-chT4S 1617 (4NCL)"]
[Site "England"]
[Date "2017.02.11"]
[Round "5.94"]
[White "Zarev, Dragomir"]
[Black "McMahon, Paul"]
[Result "0-1"]
[WhiteElo "1765"]
[BlackElo "1987"]
[PlyCount "50"]
[EventDate "2016.11.26"]
[EventType "team-swiss"]
[EventRounds "11"]
[EventCountry "ENG"]
[SourceTitle "EXT 2019"]
[Source "ChessBase"]
[SourceDate "2018.10.10"]
[SourceVersion "1"]
[SourceVersionDate "2018.10.10"]
[SourceQuality "1"]
[WhiteTeam "Throw in the Tal II"]
[BlackTeam "Poisoned Pawns II"]
[WhiteTeamCountry "ENG"]
[BlackTeamCountry "ENG"]

1. c4 Nf6 2. Nc3 e6 3. e4 Nc6 4. d4 Bb4 5. Bg5 h6 6. Bxf6 Qxf6 7. Nf3 d6 8. Be2 e5 9. 0-0 Bxc3 10. bxc3 0-0 11. Rb1 Ne7 12. c5 Ng6 13. cxd6 cxd6 14. dxe5 dxe5 15. Bc4 Bg4 16. h3 Rad8 17. Bd5 Bc8 18. Kh2 Nf4 19. c4 g5 20. Qc1 g4 21. Ng1 Kh7 22. g3 gxh3 23. gxf4 Qg6 24. Nxh3 Bxh3 25. Kxh3 Qh5+ 0-1